00000000nam 2200000zi 4500
0019.947098
003CaOODSP
00520250324131006
006m     o  d f      
007cr b||||||||||
008250120e198812##onc     ob   f000 0 fre d
040 |aCaOODSP|bfre|erda|cCaOODSP
043 |an-cn---
0861 |aCo24-3/2-40-1988F-PDF
24500|aPlanification à long terme de l'Agence de télécommunications gouvernementale.
264 1|a[Ottawa] : |bGouvernement du Canada, Ministère des Communications, Division de l'évaluation des programmes, |cdécembre 1988.
300 |a1 ressource en ligne (R-5, 31 pages).
336 |atexte|btxt|2rdacontent/fre
337 |ainformatique|bc|2rdamedia/fre
338 |aressource en ligne|bcr|2rdacarrier/fre
4901 |aBackground Study = Étude préalable
4900 |aMDC Series sur l'evaluation des programmes
500 |aÉdition numérisée de l'imprimé [par Innovation, Sciences et Développement économique Canada].
500 |aComprend du texte en anglais.
504 |aComprend des références bibliographiques (page [33]).
650 6|aSystèmes de télécommunications gouvernementales|zCanada.
650 6|aSystèmes de télécommunications|zCanada|xÉvaluation.
650 6|aSystèmes de télécommunications|zCanada|xPlanification.
650 6|aCommunication dans l'administration publique|zCanada.
650 0|aGovernment communication systems|zCanada.
650 0|aTelecommunication systems|zCanada|xPlanning.
650 0|aTelecommunication systems|zCanada|xEvaluation.
650 0|aCommunication in public administration|zCanada.
7101 |aCanada. |bMinistère des communications, |eorganisme de publication.
7101 |aCanada. |bMinistère des communications. |bDivision de l'évaluation des programmes, |eorganisme de publication.
830#0|aÉtude de base (Canada. Ministère des communications. Division de l'évaluation des programmes)|w(CaOODSP)9.880310
85640|qPDF|s1.55 Mo|uhttps://publications.gc.ca/collections/collection_2025/isde-ised/co24/Co24-3-2-40-1988-fra.pdf